| 000 | 00848nam a22002417a 4500 | ||
|---|---|---|---|
| 999 |
_c1701 _d1701 |
||
| 003 | CoMeUDC | ||
| 005 | 20230513113150.0 | ||
| 008 | 230513b ||||| |||| 00| 0 eng d | ||
| 020 | _a01248707 | ||
| 040 |
_cCO-UdeC _dCO-UdeC _eAARC _eISBD |
||
| 082 |
_a363.44 _bP763 |
||
| 100 |
_92354 _aPolania Molina, Fanny |
||
| 245 |
_aTráfico internacional de mujeres colombianas : _bAnálisis del tratamiento periodístico / _cFanny Polania Molina, Fundación Esperanza. |
||
| 260 |
_aBogotá : _bFundación Esperanza, _c2000. |
||
| 300 |
_a268 p. ; _c25 cm. |
||
| 505 | _aTráfico -- Prostitución -- Prostitución infantil -- Turismo sexual | ||
| 546 | _aEspañol. | ||
| 650 | 0 |
_92355 _aProstitución _zColombia |
|
| 650 | 0 |
_9490 _aDerechos humanos. |
|
| 650 | 0 |
_92356 _aTrata de personas |
|
| 710 |
_92357 _aFundación Esperanza |
||
| 942 |
_2ddc _cBK |
||